Marxisticko-leninská analýza a charakteristika súčasnej epochy

Gespeichert in:
Bibliographische Detailangaben
1. Verfasser: Šíma, Rudolf
Format: Buch
Sprache:Slowakisch
Veröffentlicht: Bratislava Vysoká škola ekonomická 1979
Tags: Tag hinzufügen
Keine Tags, Fügen Sie das erste Tag hinzu!

MARC

LEADER 00000nam a2200000 4500
001 c141109
005 20250520125315.7
041 0 |a slo 
044 |a SK 
245 1 0 |a Marxisticko-leninská analýza a charakteristika súčasnej epochy  |c Rudolf Šíma 
264 1 |a Bratislava  |b Vysoká škola ekonomická  |c 1979 
300 |a 39 s. 
100 1 |a Šíma, Rudolf